Perspektive leichtgemacht.Band II
Saved in:
| Main Author: | |
|---|---|
| Format: | Book |
| Language: | German |
| Published: |
Berlin :
Taschen,
1990
|
| Edition: | 1. vyd. |
| Subjects: | |
| Tags: |
No Tags, Be the first to tag this record!
|
MARC
| LEADER | 00000nam a22000003a 4500 | ||
|---|---|---|---|
| 001 | stu11206 | ||
| 005 | 20150617225802.0 | ||
| 008 | 950308s1990----gw------------------ger-d | ||
| 040 | |a STU |b slo | ||
| 041 | 0 | |a ger | |
| 044 | |a gw | ||
| 100 | 1 | |a Metzger, Phil |4 aut | |
| 245 | 1 | |a Perspektive leichtgemacht.Band II | |
| 250 | |a 1. vyd. | ||
| 260 | |a Berlin : |b Taschen, |c 1990 | ||
| 300 | |a 96 s | ||
| 650 | 7 | |a voľné výtvarné umenie |2 stusub | |
| 650 | 7 | |a kresba |2 stusub | |
| 996 | |b 284AU03085 |c A*1857 U |l AAKNAR |s A |a 24 |w stu11206_0001 | ||